La condición estratégica del petróleo mexicano

Zapisane w:
Opis bibliograficzny
1. autor: Cabrera González, Ignacio
Format: Texto
Wydane: México D.F.: Proyecto Lázaro Cárdenas
Etykiety: Dodaj etykietę
Nie ma etykietki, Dołącz pierwszą etykiete!

MARC

LEADER 00000 a a2200000 04500
001 25112
003
040
090 |a 179900  
100 |a Cabrera González, Ignacio  
245 |a La condición estratégica del petróleo mexicano  
260 |a México D.F.:   |b Proyecto Lázaro Cárdenas  
300 |a 11 p.  
999 |c 15269  |d 15269